000 00490nam a22001697a 4500
005 20251108164335.0
008 250721s9999 xx 000 0 ara d
082 1 4 _a720.284/قضا
100 1 _aالقضاه، فواز
245 1 0 _aالظل و المنظور الهندسي /
264 1 _aعمان :
_bدار مجدلاوي،
_c[19-].
300 _a213ص.
650 1 7 _aالهندسة المعمارية
650 1 7 _aالرسم المنظوري
942 _2ddc
_cBK
999 _c9762
_d9762